000 00418nam a2200181Ia 4500
005 20250423094300.0
008 250422s9999 xx 000 0 und d
020 _a978-9944-723-23-7
050 _aPS 3558 .U832 T35/
100 _aDickens, Charles
245 2 _aA tale of two cities
260 _aIstanbul
260 _bAkyuz Publ.
260 _c2008
300 _a375 p
650 _aLiterature
942 _cBK
999 _c26798
_d26798